| 000 | 00537 a2200217 4500 | ||
|---|---|---|---|
| 003 | OSt | ||
| 005 | 20180116182812.0 | ||
| 008 | 150922b xxu||||| |||| 00| 0 eng d | ||
| 020 | _a613661366136 | ||
| 040 | _c0 | ||
| 082 | _a658 | ||
| 100 | _aA.Mukund | ||
| 110 | _aThe Indian Call Center Journey | ||
| 245 | _aThe Indian Call Center Journey | ||
| 250 | _aHROB-005 | ||
| 260 |
_aIndia _bICFAI _c2002 |
||
| 300 | _a09p. | ||
| 440 | _aICMR Case Collection | ||
| 500 | _aIndian Case Studies Section | ||
| 942 |
_aNBS _cCS _k658 _2ddc |
||
| 999 |
_c346261 _d346261 |
||